000 00547nam a2200217Ia 4500
003 OSt
005 20220928141111.0
006 a|||||r|||| 00| 0
007 ta
008 220927b |||||||| |||| 00| 0 eng d
024 _a13710
037 _cTextual
040 _aSDCL
_cSDCL
_beng
041 _2eng
_aeng
082 _aWv, P2
100 _aHussein Abdirahman A
_9499130
245 0 _aEdward said
_b Criticism and society
260 _c2002
942 _hWv, P2
_cTEXL
_2CC
999 _c816119
_d816119